书目信息 |
| 题名: |
文化遗产的青春问题
|
|
| 作者: | 李文儒 著 | |
| 分册: | ||
| 出版信息: | 北京 故宫出版社 2013.10 |
|
| 页数: | 334页 | |
| 开本: | 23cm | |
| 丛书名: | ||
| 单 册: | ||
| 中图分类: | K203-53 | |
| 科图分类: | ||
| 主题词: | 文化遗产--保护--中国--文集 , 文化遗产 , 保护 | |
| 电子资源: | ||
| ISBN: | 978-7-5134-0418-1 | |
| 000 | 00822nam0 2200265 450 | |
| 001 | 0120131198056 | |
| 005 | 20140612100127.65 | |
| 010 | @a978-7-5134-0418-1@dCNY46.00 | |
| 100 | @a20140218d2013 em y0chiy0110 ea | |
| 101 | 0 | @achi |
| 102 | @aCN@b110000 | |
| 105 | @ay z 000yy | |
| 106 | @ar | |
| 200 | 1 | @a文化遗产的青春问题@9wen hua yi chan de qing chun wen ti@f李文儒著 |
| 210 | @a北京@c故宫出版社@d2013.10 | |
| 215 | @a334页@d23cm | |
| 330 | @a本书主要内容包括:经典贺岁、故宫陶瓷梦、时光长存、聊赠一枝春、宝座与草木、为君一挥手、儿童节与文化遗产日等。 | |
| 333 | @a文物收藏、管理人员 | |
| 606 | 0 | @a文化遗产@x保护@y中国@j文集 |
| 606 | 0 | @a文化遗产 |
| 606 | 0 | @a保护 |
| 690 | @aK203-53@v5 | |
| 701 | 0 | @a李文儒@9li wen ru@4著 |
| 801 | 0 | @aCN@b人天书店@c20140218 |
| 905 | @b549672-74@dK203-53@e147@f3 | |
| 文化遗产的青春问题/李文儒著.-北京:故宫出版社,2013.10 |
| 334页;23cm |
| 使用对象:文物收藏、管理人员 |
| ISBN 978-7-5134-0418-1:CNY46.00 |
| 本书主要内容包括:经典贺岁、故宫陶瓷梦、时光长存、聊赠一枝春、宝座与草木、为君一挥手、儿童节与文化遗产日等。 |
| ● |
| 相关链接 |
|
|
|
|
正题名:文化遗产的青春问题
索取号:K203-53/147
 
预约/预借
| 序号 | 登录号 | 条形码 | 馆藏地/架位号 | 状态 | 备注 |
| 1 | 549672 | 205496729 | 第二样本阅览室/ [索取号:K203-53/147] | 在馆 | |
| 2 | 549673 | 205496738 | 第二借阅区/ [索取号:K203-53/147] | 在馆 | |
| 3 | 549674 | 205496747 | 第二借阅区/ [索取号:K203-53/147] | 在馆 |